Vývoj a analýza zhodnocovacieho procesu odvetvia poľnohospodárstva za roky 1993 až 2006

Vývoj produkcie v poľnohospodárstve. Hrubá pridaná hodnota (HPH) a ukazovatele efektívnosti. Päť najvýznamejších zložiek medzispotreby. Celková medzispotreba a vývoj spotreby. Zhodnotenie a rentabilita produkcie v poľnohospodárstve.

Salvato in:
Dettagli Bibliografici
Autore principale: Valach, Matej
Natura: Capitolo di libro
Lingua:slovacco
Soggetti:
Tags: Aggiungi Tag
Nessun Tag, puoi essere il primo ad aggiungerne!!

MARC

LEADER 00000naa$a2200000$$$4500
001 0115815
005 20240502072306.5
041 0 |a slo 
044 |a SK 
245 1 0 |a Vývoj a analýza zhodnocovacieho procesu odvetvia poľnohospodárstva za roky 1993 až 2006  |c Matej Valach 
520 |a Vývoj produkcie v poľnohospodárstve. Hrubá pridaná hodnota (HPH) a ukazovatele efektívnosti. Päť najvýznamejších zložiek medzispotreby. Celková medzispotreba a vývoj spotreby. Zhodnotenie a rentabilita produkcie v poľnohospodárstve. 
610 2 0 |a poľnohospodárstvo 
610 2 0 |a výroba poľnohospodárska 
610 2 0 |a služby poľnohospodárske 
610 2 0 |a produkcia hrubá 
610 2 0 |a prebytky poľnohospodárske 
610 2 0 |a rentabilita 
610 2 0 |a spotreba 
100 1 |a Valach, Matej